The secret of the indian / (Record no. 4549)
[ view plain ]
| 000 -LEADER | |
|---|---|
| fixed length control field | 01056nam a22002657a 4500 |
| 001 - CONTROL NUMBER | |
| control field | 4549 |
| 003 - CONTROL NUMBER IDENTIFIER | |
| control field | FISKH |
| 005 - DATE AND TIME OF LATEST TRANSACTION | |
| control field | 20240918113840.0 |
| 008 - FIXED-LENGTH DATA ELEMENTS--GENERAL INFORMATION | |
| fixed length control field | 240916b cb ||||| |||| 00| 0 eng d |
| 020 ## - INTERNATIONAL STANDARD BOOK NUMBER | |
| International Standard Book Number | 0380710404 |
| 040 ## - CATALOGING SOURCE | |
| Original cataloging agency | FISKH |
| Language of cataloging | eng |
| Transcribing agency | FISKH |
| Modifying agency | FISKH |
| 050 ## - LIBRARY OF CONGRESS CALL NUMBER | |
| Classification number | PZ7.R2737 |
| 082 ## - DEWEY DECIMAL CLASSIFICATION NUMBER | |
| Edition number | 823.914 |
| 100 ## - MAIN ENTRY--PERSONAL NAME | |
| Personal name | Banks, Reid Lynne |
| Dates associated with a name | (1929–2024) |
| 245 ## - TITLE STATEMENT | |
| Title | The secret of the indian / |
| Statement of responsibility, etc. | Lynne Reid Banks Illustrated by Ted Lewin |
| 250 ## - EDITION STATEMENT | |
| Edition statement | First printing in 1990 |
| 260 ## - PUBLICATION, DISTRIBUTION, ETC. | |
| Place of publication, distribution, etc. | New York : |
| Name of publisher, distributor, etc. | Avon Books, |
| Date of publication, distribution, etc. | 1990. |
| 300 ## - PHYSICAL DESCRIPTION | |
| Extent | 147 pages : |
| Other physical details | illustrations ; |
| Dimensions | 20cm |
| 520 ## - SUMMARY, ETC. | |
| Summary, etc. | In this third book about Omri and his magic cupboard, Omri and his friend Patrick must risk grownups' discovering their secret when they find themselves in need of a friend's toy plastic doctors to save wounded people from the dangerous world of the Old West which the cupboard enables them to enter. |
| 650 ## - SUBJECT ADDED ENTRY--TOPICAL TERM | |
| Source of heading or term | Fiction |
| Topical term or geographic name entry element | Fantasy |
| Form subdivision | Native Americans |
| 650 ## - SUBJECT ADDED ENTRY--TOPICAL TERM | |
| Source of heading or term | Time travel |
| Topical term or geographic name entry element | Adventure |
| 700 ## - ADDED ENTRY--PERSONAL NAME | |
| Personal name | Lewin, Ted |
| Dates associated with a name | Illustrated |
| 942 ## - ADDED ENTRY ELEMENTS (KOHA) | |
| Source of classification or shelving scheme | Dewey Decimal Classification |
| Koha item type | Books |
| Suppress in OPAC | No |
| Withdrawn status | Lost status | Source of classification or shelving scheme | Damaged status | Not for loan | Collection | Home library | Current library | Shelving location | Date acquired | Total Checkouts | Full call number | Barcode | Date last seen | Price effective from | Koha item type | Copy number |
|---|---|---|---|---|---|---|---|---|---|---|---|---|---|---|---|---|
| Dewey Decimal Classification | Fiction | Footprints International School Library Network Toul Kork Campus | Footprints International School Library Network Toul Kork Campus | TTP Secondary Fiction Bookshelves | 09/16/2024 | BAN 823.914 PZ7.R2737 | 2024-1964 | 09/16/2024 | 09/16/2024 | Books | ||||||
| Dewey Decimal Classification | Fiction | Footprints International School Library Network Toul Kork Campus | Footprints International School Library Network Toul Kork Campus | TTP Secondary Fiction Bookshelves | 09/18/2024 | BAN 823.914 PZ7.R2737 | 2024-2009 | 09/18/2024 | 09/18/2024 | Books | 2 |
